Statistics for Every Beyoncé song that hit the Billboard hot 100

Click here to take the quiz!

General Stats

  • This quiz has been taken 201 times
  • The average score is 24 of 57

Answer Stats

Peak Chart PositionYearSong% Correct
12003Crazy In Love
91%
12008Single Ladies (Put A Ring On It)
89%
52009Halo
81%
22014Drunk In Love
78%
12006Irreplaceable
72%
102016Formation
68%
32007If I Were A Boy
68%
12003Baby Boy
68%
292011Run The World (Girls)
67%
202011Love On Top
60%
102009Sweet Dreams
58%
42006Deja Vu
57%
32010Telephone
57%
32008Beautiful Liar
55%
132016Hold Up
54%
32004Naughty Girl
54%
612007Listen
54%
112016Sorry
53%
192009Diva
53%
232014Partition
50%
712011Countdown
48%
12006Check On It
47%
162011Best Thing I Never Had
47%
652009Video Phone
47%
1320147/11
45%
392009Ego
45%
42004Me, Myself And I
45%
452014XO
44%
412014***Flawless
44%
42002'03 Bonnie & Clyde
43%
592006Upgrade U
42%
5720111+1
40%
352016Freedom
37%
412016Daddy Lessons
35%
112006Ring The Alarm
35%
1820166 Inch
35%
572004Dangerously In Love
34%
432016Sandcastles
34%
502011Party
33%
282016Don't Hurt Yourself
32%
382016All Night
32%
462013Get Me Bodied
29%
372016Pray You Catch Me
29%
782012Dance For You
27%
472016Love Drought
25%
632016Forward
24%
822014Mine
23%
32017Mi Gente
20%
902015Runnin' (Lose It All)
17%
392015Feeling Myself
12%
142017Walk On Water
11%
572017Shining
7%
172007Until The End Of Time
6%
672009At Last
4%
772014Part II (On The Run)
4%
182008Love In This Club Part II
2%
512017Family Feud
2%

Score Distribution

Percentile by Number Answered

Percent of People with Each Score

Your Score History

You have not taken this quiz